| 000 | 00384 a2200169 4500 | ||
|---|---|---|---|
| 001 | 69688 | ||
| 020 | _a8532211194 | ||
| 040 | _cAnchieta - Itaigara | ||
| 100 | _aGomes, Álvaro Cardoso | ||
| 240 | 1 | 0 |
_aO dia em que o sol sumiu _lpor |
| 245 | 1 | 0 | _aO dia em que o sol sumiu |
| 300 | _a40 | ||
| 362 | 0 | _a1998 | |
| 440 | 1 | _aFTD | |
| 650 | 4 | _aLiteratura infanto-juvenil | |
| 942 | _cBK | ||
| 999 |
_c69688 _d69688 |
||